LIBRARY & INFORMATION CENTRE, KCAET, TAVANUR

ONLINE PUBLIC ACCESS CATALOGUE (OPAC)

The Agronomy and The Economy of Cardamom : The Queen of Spices (Record no. 14738)

MARC details
000 -LEADER
fixed length control field 00333nam a22001217a 4500
020 ## - INTERNATIONAL STANDARD BOOK NUMBER
ISBN 9788131419861
082 ## - DEWEY DECIMAL CLASSIFICATION NUMBER
Classification number 630.
Item number PRA/TH
100 ## - MAIN ENTRY--AUTHOR NAME
Personal name Prabhakaran, Nair
245 ## - TITLE STATEMENT
Title The Agronomy and The Economy of Cardamom : The Queen of Spices
260 ## - PUBLICATION, DISTRIBUTION, ETC. (IMPRINT)
Place of publication Agarthala
Name of publisher The Icfai University Press
Year of publication 2008
300 ## - PHYSICAL DESCRIPTION
Number of Pages 412
942 ## - ADDED ENTRY ELEMENTS (KOHA)
Koha item type Book Bank scheme for SC students
Holdings
Withdrawn status Lost status Damaged status Home library Current library Shelving location Date acquired Source of acquisition Cost, normal purchase price Full call number Accession Number Koha item type
      KAUAET KAUAET Scheme 26/08/2016 Calicut Book Daistributors, Calicut. 640.00 630. PRA/AG BB 276 Book Bank scheme for SC students
free website counter